| 000 | 00556cab a22001815a 4500 | ||
|---|---|---|---|
| 001 | L158333 | ||
| 008 | 141218e2014 xxk 000 0 eng d | ||
| 035 | _a(Sirsi) u158333 | ||
| 041 | 0 | _aeng | |
| 245 | 0 | 0 |
_aMcDonald v McDonald _h[electronic resource] |
| 260 | _c2014 | ||
| 520 | _a[2014] EWCA Civ 1049, 24 July 2014. | ||
| 590 | _aKA | ||
| 651 | 4 | _aEngland and Wales | |
| 690 |
_aLandlord and tenant _96252 |
||
| 856 | 4 | 0 |
_uhttps://www.bailii.org/ew/cases/EWCA/Civ/2014/1049.html _zView the law report free of charge at www.bailii.org |
| 942 |
_n0 _2ddc |
||
| 999 |
_c84564 _d84564 |
||